Criminología / (Record no. 81527)

MARC details
000 -LEADER
campo de control de longitud fija 00777nam a2200205 i 4500
001 - NÚMERO DE CONTROL
campo de control 81527
003 - IDENTIFICADOR DE NÚMERO DE CONTROL
campo de control ES-MaACL
005 - FECHA Y HORA DE LA ÚLTIMA TRANSACCIÓN
campo de control 20250914145956.0
007 - CAMPO FIJO DE DESCRIPCIÓN FÍSICA--INFORMACIÓN GENERAL
campo de control de longitud fija t|
008 - DATOS DE LONGITUD FIJA--INFORMACIÓN GENERAL
campo de control de longitud fija 041104s1956 sp ||||1| spa d
100 1# - ENTRADA PRINCIPAL--NOMBRE DE PERSONA
Nombre de persona Hurwitz, Stephan.
9 (RLIN) 64806
245 10 - MENCIÓN DEL TÍTULO
Título Criminología /
Mención de responsabilidad, etc. por Stephan Hurwitz ; prólogo de Octavio Pérez-Vitoria ; [traducida de la 1ª edición por F. Haro García].
260 ## - PUBLICACIÓN, DISTRIBUCIÓN, ETC.
Lugar de publicación, distribución, etc. Barcelona :
Nombre del editor, distribuidor, etc. Universidad de Barcelona, Escuela de Criminología :
-- Ariel,
Fecha de publicación, distribución, etc. [1956]
300 ## - DESCRIPCIÓN FÍSICA
Extensión 471 p. ;
Dimensiones 23 cm.
700 1# - ENTRADA AGREGADA--NOMBRE PERSONAL
Nombre de persona Pérez-Vitoria Moreno, Octavio,
Fechas asociadas al nombre 1912-2010
9 (RLIN) 91201
700 1# - ENTRADA AGREGADA--NOMBRE PERSONAL
Nombre de persona Haro García, Francisco.
9 (RLIN) 61877
710 2# - ENTRADA AGREGADA--NOMBRE DE ENTIDAD CORPORATIVA
Nombre de entidad corporativa o nombre de jurisdicción como elemento de entrada Universidad de Barcelona.
Unidad subordinada Escuela de Criminología.
9 (RLIN) 7146
852 ## - LOCALIZACIÓN
Ubicación ES-MaACL
Número de control de estantería C-10210
Sublocalización o colección R.38647
Holdings
Estatus retirado Estado de pérdida Estado de daño No para préstamo Biblioteca de origen Biblioteca actual Ubicación en estantería Fecha de adquisición Fuente de adquisición Total de préstamos Signatura topográfica completa Código de barras Visto por última vez Precio de reemplazo Tipo de ítem Koha
        Biblioteca del Ateneo de Madrid Biblioteca del Ateneo de Madrid Sala Palomar 17/01/2008     C-10210 1085220 23/02/2023 23/02/2023 Libro impreso